How to Not Die Alone (Record no. 12227)
[ view plain ]
| 000 -LEADER | |
|---|---|
| fixed length control field | 00369nam a22001577a 4500 |
| 003 - CONTROL NUMBER IDENTIFIER | |
| control field | OSt |
| 008 - FIXED-LENGTH DATA ELEMENTS--GENERAL INFORMATION | |
| fixed length control field | 240223b |||||||| |||| 00| 0 eng d |
| 020 ## - INTERNATIONAL STANDARD BOOK NUMBER | |
| International Standard Book Number | 9781982120634 |
| 082 ## - DEWEY DECIMAL CLASSIFICATION NUMBER | |
| Classification number | 306.73 |
| Item number | URH |
| 100 ## - MAIN ENTRY--PERSONAL NAME | |
| Personal name | URY,Logan |
| 245 ## - TITLE STATEMENT | |
| Title | How to Not Die Alone |
| 250 ## - EDITION STATEMENT | |
| Edition statement | 1st Ed |
| 260 ## - PUBLICATION, DISTRIBUTION, ETC. (IMPRINT) | |
| Place of publication, distribution, etc | New York |
| Name of publisher, distributor, etc | Simon and Schusterr Paperbacks |
| 300 ## - PHYSICAL DESCRIPTION | |
| Extent | 337 |
| 942 ## - ADDED ENTRY ELEMENTS (KOHA) | |
| Source of classification or shelving scheme | Dewey Decimal Classification |
| Koha item type | Text Books |
| Withdrawn status | Lost status | Source of classification or shelving scheme | Damaged status | Not for loan | Collection code | Home library | Current library | Date acquired | Source of acquisition | Currency | Cost, normal purchase price | Bill Number | Total Checkouts | Full call number | Acc. no. / Barcode | Date last seen | Actual Cost, discounted price | Bill Date | Koha item type | Date last borrowed |
|---|---|---|---|---|---|---|---|---|---|---|---|---|---|---|---|---|---|---|---|---|
| Dewey Decimal Classification | GENERAL | PIET C-LIBRARY | PIET C-LIBRARY | 08/02/2024 | Zafaa Books and Distributors | In rupees | 1299.00 | ZBD0370 | 306.73 URH | 35499 | 23/02/2024 | 909.30 | 08/02/2024 | Reference Books | ||||||
| Dewey Decimal Classification | GENERAL | PIET C-LIBRARY | PIET C-LIBRARY | 08/02/2024 | Zafaa Books and Distributors | In rupees | 1299.00 | ZBD0370 | 3 | 306.73 URH | 35500 | 25/09/2025 | 909.30 | 08/02/2024 | Text Books | 18/09/2025 |